000 00223nam a22000857a 4500
008 170109b xxu||||| |||| 00| 0 eng d
100 _92285
_aGupta.B.C.
245 _aIndian Economic Development-XI
260 _aNew Delhi
_bAPC
_c2011
999 _c5182
_d5182